| 000 | 01329cam a22003737a 4500 | ||
|---|---|---|---|
| 003 | CHAP | ||
| 005 | 20220329142731.0 | ||
| 008 | 030324d2002 mx ad r 00110 spa d | ||
| 010 | _a87014 | ||
| 011 | _a87986 | ||
| 035 | _a98531 | ||
| 040 | _cCHAP | ||
| 090 | _aTesis | ||
| 100 | 0 | 0 |
_aValencia Botín, Alberto Julián. _9117403 |
| 245 | 1 | 0 |
_aEtiología de la enfermedad ojo de pescado en pitahaya (Hylocereus undatus H.) _c/por Alberto Julián Valencia Botín |
| 260 |
_aMontecillo, Méx. : _bEl autor, _c2002 |
||
| 300 |
_a62 h. : _bilus. ; gráfs. ; cuadros |
||
| 502 | _aTesis (M. C. en Programa en Fitopatología) -- CP. Instituto de Fitosanidad | ||
| 590 |
_aALEPH _b10 _c20130110 _lUCH01 _h1452 |
||
| 590 |
_aBATCH-UPD _b10 _c20130110 _lUCH01 _h0803 |
||
| 590 |
_aBATCH-UPD _b10 _c20130410 _lUCH01 _h0441 |
||
| 590 |
_aBATCH-UPD _b10 _c20130914 _lUCH01 _h0805 |
||
| 590 |
_aCONVERSION _b10 _c20130109 _lUCH01 _h1348 |
||
| 650 | 1 | 4 |
_aCactáceas _xEnfermedades. _917003 |
| 650 | 1 | 4 |
_aHongos fitopatógenos. _956132 |
| 650 | 1 | 4 |
_aHongos _xFisiología y morfología. _956101 |
| 650 | 1 | 4 |
_aHylocereus undatus. _957088 |
| 650 | 1 | 4 |
_aPatología. _986191 |
| 650 | 1 | 4 |
_aStenocereus. _9109642 |
| 901 | _aBK | ||
| 905 | _aMarco A. Mendoza T. | ||
| 942 | _cTESIS | ||
| 949 |
_aTesis _bBC _cTES _d985311 _eTS1 _gDonaciØn _h40908 _i98531 _sb |
||
| 999 |
_c87014 _d87014 |
||